|
|
|
|
| LEADER |
00868nam a2200241 a 4500 |
| 001 |
13414932 |
| 008 |
091108s2005 nyua b 001 0 eng d |
| 010 |
|
|
|a 2003068851
|
| 020 |
|
|
|a 0072876484 (alk. paper)
|
| 020 |
|
|
|a 0071238425
|
| 040 |
|
|
|a DLC
|c DLC
|d DLC
|
| 082 |
0 |
0 |
|a 336.73
|2 22
|
| 100 |
1 |
|
|a Rosen, Harvey S.
|
| 245 |
1 |
0 |
|a Public finance /
|c Harvey S. Rosen.
|
| 250 |
|
|
|a 7th ed.
|
| 260 |
|
|
|a New York :
|b McGraw-Hill Irwin,
|c c2005.
|
| 300 |
|
|
|a xxx, 609 p. :
|b ill. ;
|c 24 cm.
|
| 504 |
|
|
|a Includes bibliographical references (p. 577-593) and indexes.
|
| 541 |
1 |
|
|e 00015633
|
| 650 |
|
0 |
|a Finance, Public
|z United States.
|
| 852 |
4 |
|
|a Ayesha Abed Library
|j General Shelf
|
| 999 |
|
|
|c 5726
|d 5726
|
| 952 |
|
|
|0 0
|1 0
|2 ddc
|4 0
|6 336_730000000000000_ROS_2005
|7 0
|9 5660
|a BRACUL
|b BRACUL
|c GEN
|d 2009-11-21
|l 15
|m 157
|o 336.73 ROS
|p 3010015633
|r 2025-09-16
|s 2025-09-01
|t 1
|w 2009-11-21
|y BK
|